00309nam a2200121Ia 4500008004100000082001300041100001500054245005100069250000800120260003700128300000700165650001500172191201s2003 xx 000 0 und d a677bPRR aPRAKASH, K 0aRajasthani Folk Art Traditional Art from India a1st aN.DelhibEnglish Educationc2003 a50 aB.Tech(TE)